Đa dạng sinh học đất ngập nước Khu bảo tồn thiên nhiên đất ngập nước Văn Long (VanLong wetland nature reserve)

Đã lưu trong:
书目详细资料
其他作者: Bùi, Minh Hồng, Bùi, Thu Hà, Đỗ, Văn Nhượng, Trần, Văn Ba, Nguyễn, Đức Hùng, Hoàng, Ngọc Khắc, Nguyễn, Hữu Dục, Nguyễn, Lân Hùng Sơn (Chủ biên), Nguyễn, Vĩnh Thanh
格式: 图书
语言:Vietnamese
出版: Hà Nội Đại học sư phạm 2011
主题:
标签: 添加标签
没有标签, 成为第一个标记此记录!
Thư viện lưu trữ: Trung tâm Học liệu Lê Vũ Hùng, Trường Đại học Đồng Tháp
LEADER 01329aam a22003378a 4500
001 00030645
005 20171026081025.0
008 130523s2011 ||||||viesd
020 |c 36000 
041 0 # |a vie 
082 1 4 |a 577.63  |b Đ100D 
245 1 0 |a Đa dạng sinh học đất ngập nước  |b Khu bảo tồn thiên nhiên đất ngập nước Văn Long (VanLong wetland nature reserve)  |c Nguyễn Lân Hùng Sơn (ch.b), Trần Văn Ba,...[ và nh. ng. khác] 
260 # # |a Hà Nội  |b Đại học sư phạm  |c 2011 
300 # # |a 156 tr.  |b ảnh màu  |c 24 cm. 
653 # # |a Sinh học 
653 # # |a Đa dạng sinh học 
653 # # |a Đất ngập nước 
700 1 # |a Bùi, Minh Hồng 
700 1 # |a Bùi, Thu Hà 
700 1 # |a Đỗ, Văn Nhượng 
700 1 # |a Trần, Văn Ba 
700 1 # |a Nguyễn, Đức Hùng 
700 1 # |a Hoàng, Ngọc Khắc 
700 1 # |a Nguyễn, Hữu Dục 
700 1 # |a Nguyễn, Lân Hùng Sơn  |e Chủ biên 
700 1 # |a Nguyễn, Vĩnh Thanh 
852 # # |b Kho đọc  |j KD.0014577 
852 # # |b Kho mượn  |j KM.0015217, KM.0015218 
852 # # |j KM.0015217  |j KM.0015218  |j KD.0014577 
910 |d 23/05/2013 
980 # # |a Trung tâm Học liệu Lê Vũ Hùng, Trường Đại học Đồng Tháp